000 00568nam a2200181Ia 4500
003 GCL
008 140319s9999 xx 000 0 ara d
040 _aGCL /
_cGCL
082 0 4 _a709.03
_bم ف
100 1 _aمييه، كاترين
245 1 0 _aالفن المعاصر /
_cمييه، كاترين
250 _aالاولى
260 _aالقاهرة :
_bدار شرقيات للنشر ،
_c2002
300 _a147 ص ؛
_c20 سم
650 0 4 _aالتذوق الفنى
650 0 4 _aالفن - تاريخ ونقد - القرن العشرين
942 _2ddc
_cBK
999 _c5311
_d5311